| 000 | 01023nam a22002537a 4500 | ||
|---|---|---|---|
| 005 | 20170124103001.0 | ||
| 010 | _aA-927125 | ||
| 020 | _c65.00 | ||
| 035 | _aA-927125 | ||
| 037 | _bCen Lib/Ret | ||
| 040 |
_aDPL _bHN |
||
| 082 |
_aउ _bढूधना |
||
| 100 |
_aढूधनाथ सिंह _954724 |
||
| 245 |
_aनमो अन्धकार / _cढूधनाथ सिंह |
||
| 246 |
_aNamo andhkaram / _bby Dhoodhnath Singh |
||
| 260 |
_aनई दिल्ली _bराधाकृषण प्रकाशन _c1998 |
||
| 270 |
_bनई दिल्ली _a2/38, अंसारी मार्ग, दरयागंज _e110002 |
||
| 300 |
_a114पृ. _c18सेमी (सजिल्द) |
||
| 650 |
_a हिन्दी साहित्य _954725 |
||
| 650 |
_a हिन्दी साहित्य -- उपन्यास _946379 |
||
| 650 |
_aHindi literature _954726 |
||
| 650 |
_aHindi literature -- Fiction _954727 |
||
| 942 |
_2ddc _cHN _hउ _mढूधना |
||
| 999 |
_c113984 _d113984 |
||